<?xml version="1.0" encoding="UTF-8"?><?xml-stylesheet type="text/xsl" href="static/style.xsl"?><OAI-PMH xmlns="http://www.openarchives.org/OAI/2.0/" xmlns:xsi="http://www.w3.org/2001/XMLSchema-instance" xsi:schemaLocation="http://www.openarchives.org/OAI/2.0/ http://www.openarchives.org/OAI/2.0/OAI-PMH.xsd"><responseDate>2026-04-14T18:08:24Z</responseDate><request verb="GetRecord" identifier="oai:uvadoc.uva.es:10324/3103" metadataPrefix="marc">https://uvadoc.uva.es/oai/request</request><GetRecord><record><header><identifier>oai:uvadoc.uva.es:10324/3103</identifier><datestamp>2021-06-23T11:31:15Z</datestamp><setSpec>com_10324_1175</setSpec><setSpec>com_10324_931</setSpec><setSpec>com_10324_894</setSpec><setSpec>col_10324_1355</setSpec></header><metadata><record xmlns="http://www.loc.gov/MARC21/slim" xmlns:doc="http://www.lyncode.com/xoai" xmlns:xsi="http://www.w3.org/2001/XMLSchema-instance" xmlns:dcterms="http://purl.org/dc/terms/" xsi:schemaLocation="http://www.loc.gov/MARC21/slim http://www.loc.gov/standards/marcxml/schema/MARC21slim.xsd">
<leader>00925njm 22002777a 4500</leader>
<datafield tag="042" ind1=" " ind2=" ">
<subfield code="a">dc</subfield>
</datafield>
<datafield tag="720" ind1=" " ind2=" ">
<subfield code="a">Martín Jiménez, Alfonso</subfield>
<subfield code="e">author</subfield>
</datafield>
<datafield tag="260" ind1=" " ind2=" ">
<subfield code="c">1997</subfield>
</datafield>
<datafield tag="520" ind1=" " ind2=" ">
<subfield code="a">El análisis general de las retóricas españolas del siglo XVI revela la estrecha relación de la retórica con la literatura. Las retóricas españolas de la época, en las que se asumen las corrientes retóricas greco-latina tradicional y hermogeniana, destacan la importancia concedida por los autores a la exercitatio de raigambre ramista, pero son contrarias en su mayor parte a las tendencias europeas de reducción de la retórica a la elocutio. Además, conceden una gran validez a las normas de la inventio y de la dispositio para la interpretación y la composición literaria, por lo que resulta imprescindible considerar dichas operaciones al analizar las relaciones entre la literatura española y la retórica del Clasicismo.</subfield>
</datafield>
<datafield tag="024" ind2=" " ind1="8">
<subfield code="a">Rhetorica: A Journal of the History of Rhetoric, 15, 1, winter 1997, 3-39.</subfield>
</datafield>
<datafield tag="024" ind2=" " ind1="8">
<subfield code="a">0734-8584</subfield>
</datafield>
<datafield tag="024" ind2=" " ind1="8">
<subfield code="a">http://uvadoc.uva.es/handle/10324/3103</subfield>
</datafield>
<datafield tag="024" ind2=" " ind1="8">
<subfield code="a">3</subfield>
</datafield>
<datafield tag="024" ind2=" " ind1="8">
<subfield code="a">15</subfield>
</datafield>
<datafield tag="024" ind2=" " ind1="8">
<subfield code="a">39</subfield>
</datafield>
<datafield tag="024" ind2=" " ind1="8">
<subfield code="a">Rhetorica: A Journal of the History of Rhetoric</subfield>
</datafield>
<datafield tag="024" ind2=" " ind1="8">
<subfield code="a">1 (winter)</subfield>
</datafield>
<datafield ind1=" " ind2=" " tag="653">
<subfield code="a">Literatura</subfield>
</datafield>
<datafield ind1=" " ind2=" " tag="653">
<subfield code="a">Tratados de retórica</subfield>
</datafield>
<datafield ind1=" " ind2=" " tag="653">
<subfield code="a">Siglo XVI</subfield>
</datafield>
<datafield tag="245" ind1="0" ind2="0">
<subfield code="a">La literatura en los tratados españoles de retórica del siglo XVI</subfield>
</datafield>
</record></metadata></record></GetRecord></OAI-PMH>